| 000 | 00594cam a22002291 4500 | ||
|---|---|---|---|
| 001 | sa 66001417 | ||
| 003 | DLC | ||
| 005 | 20260227112222.0 | ||
| 008 | 900208s1965 ii b 000 0 hino | ||
| 010 | _asa 66001417 | ||
| 035 | _a(OCoLC)21023383 | ||
| 040 |
_aDLC _cWaU _dDLC |
||
| 042 | _apremarc | ||
| 050 | 0 | 0 |
_aPK1421 _b.S6 |
| 100 | 1 |
_aSrivastava, Virendra Pal, _d1932- |
|
| 245 | 1 | 0 | _aApabhraṃśa bhāshā kā adhyayana. |
| 260 | _c1965. | ||
| 300 |
_aii, 11, 301 p. _c23 cm. |
||
| 500 | _aIn Hindi. | ||
| 504 | _aBibliographical footnotes. | ||
| 650 | 0 | _aApabhraṃśa language. | |
| 999 |
_c67793 _d67793 |
||